[Event "Bad Woerishofen op 19th"]
[Site "Bad Woerishofen"]
[Date "2003.03.18"]
[Round "6"]
[White "Schrinner, Stefan"]
[Black "Lamberger, Werner"]
[Result "0-1"]
[WhiteElo "1688"]
[BlackElo "2048"]
[PlyCount "122"]
[EventDate "2003.03.13"]
[EventType "swiss"]
[EventRounds "9"]
[EventCountry "GER"]
[SourceTitle "CBM 093 Extra"]
[Source "ChessBase"]
[SourceDate "2003.05.09"]
[SourceVersion "1"]
[SourceVersionDate "2003.05.09"]
[SourceQuality "1"]

1. e4 c5 2. Nf3 Nc6 3. Bb5 g6 4. 0-0 Bg7 5. Bxc6 dxc6 6. h3 Nf6 7. d3 0-0 8. Nc3 h6 9. Be3 b6 10. a4 a5 11. Qd2 Kh7 12. Rae1 Ne8 13. Ne2 Nc7 14. Nh2 Ne6 15. f4 Nd4 16. Kh1 b5 17. Bxd4 cxd4 18. Ra1 Qb6 19. b3 Bd7 20. Ng3 c5 21. axb5 Bxb5 22. f5 a4 23. bxa4 Rxa4 24. fxg6+ fxg6 25. Rxa4 Rxf1+ 26. Ngxf1 Bxa4 27. Nf3 Qb1 28. Ne1 Bxc2 29. Kh2 Bxd3 30. Nxd3 Qxf1 31. Nxc5 Be5+ 32. g3 d3 33. Nxd3 Bd4 34. Qg2 Qxd3 35. h4 h5 36. Kh3 Qd1 37. Kh2 Qe1 38. Kh3 Qf2 39. Qxf2 Bxf2 40. g4 Kg7 41. gxh5 gxh5 42. Kg2 Bxh4 43. Kf3 Kf6 44. Kf4 Bg5+ 45. Kg3 Ke5 46. Kf3 e6 47. Ke2 Kxe4 48. Kf2 Kd3 49. Ke1 e5 50. Kf2 e4 51. Ke1 h4 52. Kf2 Kd2 53. Kg2 e3 54. Kf3 e2 55. Kg4 e1Q 56. Kxg5 h3 57. Kg4 Qe3 58. Kf5 Qd4 59. Ke6 Qc5 60. Kd7 Qb6 61. Ke7 Ke3 0-1

[Event "Bad Woerishofen op 19th"]
[Site "Bad Woerishofen"]
[Date "2003.03.14"]
[Round "2"]
[White "Schrinner, Stefan"]
[Black "Martino Gross, Peter"]
[Result "0-1"]
[WhiteElo "1688"]
[BlackElo "2053"]
[PlyCount "58"]
[EventDate "2003.03.13"]
[EventType "swiss"]
[EventRounds "9"]
[EventCountry "GER"]
[SourceTitle "CBM 093 Extra"]
[Source "ChessBase"]
[SourceDate "2003.05.09"]
[SourceVersion "1"]
[SourceVersionDate "2003.05.09"]
[SourceQuality "1"]

1. e4 e6 2. Nf3 d5 3. exd5 exd5 4. b3 Nf6 5. Bb2 Bg4 6. Be2 Bd6 7. h3 Bh5 8. d3 0-0 9. 0-0 Re8 10. Nd4 Bxe2 11. Nxe2 Nc6 12. c4 Qe7 13. Nd4 Qe5 14. g3 Nxd4 15. Kg2 dxc4 16. bxc4 Bc5 17. Nd2 Qe2 18. Qc1 Qxd3 19. Rb1 Re2 20. Bxd4 Bxd4 21. Nf3 Qe4 22. Qd1 c5 23. Qb3 b6 24. Rbe1 Re8 25. Qa4 Qb7 26. g4 Rxe1 27. g5 Rxf1 28. gxf6 Rxf2+ 29. Kg1 Rxa2+ 0-1